000 00319nam a22001457a 4500
008 210310b ||||| |||| 00| 0 eng d
020 _a0030585120
041 _aeng
080 _a53
082 _a53
100 _a43
101 _aFIZ
245 _aIntroduction to Modern Physics
_cAnderson, E. E
942 _2udc
_cBK
999 _c56198
_d56198